<?xml version="1.0" encoding="UTF-8"?><?xml-stylesheet type="text/xsl" href="static/style.xsl"?><OAI-PMH xmlns="http://www.openarchives.org/OAI/2.0/" xmlns:xsi="http://www.w3.org/2001/XMLSchema-instance" xsi:schemaLocation="http://www.openarchives.org/OAI/2.0/ http://www.openarchives.org/OAI/2.0/OAI-PMH.xsd"><responseDate>2026-04-19T10:33:59Z</responseDate><request verb="GetRecord" identifier="oai:www.recercat.cat:2117/460610" metadataPrefix="marc">https://recercat.cat/oai/request</request><GetRecord><record><header><identifier>oai:recercat.cat:2117/460610</identifier><datestamp>2026-04-16T05:20:21Z</datestamp><setSpec>com_2072_1033</setSpec><setSpec>col_2072_452950</setSpec></header><metadata><record xmlns="http://www.loc.gov/MARC21/slim" xmlns:dcterms="http://purl.org/dc/terms/" xmlns:xsi="http://www.w3.org/2001/XMLSchema-instance" xmlns:doc="http://www.lyncode.com/xoai" xsi:schemaLocation="http://www.loc.gov/MARC21/slim http://www.loc.gov/standards/marcxml/schema/MARC21slim.xsd">
   <leader>00925njm 22002777a 4500</leader>
   <datafield ind2=" " ind1=" " tag="042">
      <subfield code="a">dc</subfield>
   </datafield>
   <datafield ind2=" " ind1=" " tag="720">
      <subfield code="a">Parladé Molist, Eloi</subfield>
      <subfield code="e">author</subfield>
   </datafield>
   <datafield ind2=" " ind1=" " tag="720">
      <subfield code="a">Favaro, Marianna TP</subfield>
      <subfield code="e">author</subfield>
   </datafield>
   <datafield ind2=" " ind1=" " tag="720">
      <subfield code="a">Chellou Bakkali, Sara</subfield>
      <subfield code="e">author</subfield>
   </datafield>
   <datafield ind2=" " ind1=" " tag="720">
      <subfield code="a">Voltà Durán, Eric</subfield>
      <subfield code="e">author</subfield>
   </datafield>
   <datafield ind2=" " ind1=" " tag="720">
      <subfield code="a">Lopez Laguna, Hector</subfield>
      <subfield code="e">author</subfield>
   </datafield>
   <datafield ind2=" " ind1=" " tag="720">
      <subfield code="a">Villaverde, Antoni</subfield>
      <subfield code="e">author</subfield>
   </datafield>
   <datafield ind2=" " ind1=" " tag="720">
      <subfield code="a">Vázquez Gómez, Esther</subfield>
      <subfield code="e">author</subfield>
   </datafield>
   <datafield ind2=" " ind1=" " tag="260">
      <subfield code="c">2026-08-01</subfield>
   </datafield>
   <datafield ind2=" " ind1=" " tag="520">
      <subfield code="a">Subunit vaccines are often limited by poor solubility and structural instability, affecting their ability to induce strong immune responses. Scaffold-based antigen display offers a promising solution, but translating designs into stable, scalable proteins remains challenging. Here, we present a pipeline for selecting and inserting tumor-derived peptide sequences into ß-barrel protein frameworks, using both GFP and the structurally similar G2 domain of the mouse nidogen. We validate the ASP173 loop in GFP as an effective insertion site, accommodating a double-peptide construct, as well as two distinct single peptides, without compromising folding or fluorescence. We further show that this design logic extends to the mouse nidogen G2 domain, which we employ as a host-native scaffold to carry the inserted epitope. The resulting constructs retain structural integrity and thermal stability, supporting their use in preclinical models and facilitating future applications in human health. This work establishes a modular, mammalian-compatible platform for stable tumor-associated peptide presentation, thereby advancing the development of next-generation cancer vaccines.</subfield>
   </datafield>
   <datafield ind2=" " ind1=" " tag="520">
      <subfield code="a">The study was mainly funded by the Agencia Española de Investigación (AEI) through the project PID2022-136845OB-10/AEI/10.13039/501100011033 to E.V. and by AGAUR through the project SGR 2021 00092 to A.V. We would like to thank the ISCIII for funding CIBER-BBN (CB06/01/0014 and NANOREMOTE) and the Ministry of Science for funding the ICTS Platform Nanbiosis. The production of the fusion proteins was assisted, in part, by the Protein Production (PPP) Unit of the Platform Nanbiosis of the CIBER-BBN/IBB. Molecular graphics were performed with UCSF Chimera and ChimeraX, developed by the Resource for Biocomputing, Visualization, and Informatics at the University of California, San Francisco, with support from the National Institutes of Health R01-GM129325 and the Office of Cyber Infrastructure and Computational Biology, National Institute of Allergy and Infectious Diseases. ESI-TOF and ICP-MS experiments were performed at Servei d'Anàlisi Química (SAQ) in Universitat Autònoma de Barcelona (UAB). Fluorimetry experiments were performed at Servei de Genòmica i Espectroscòpia de Biomolècules (SGiEB) in UAB. Electron microscopy was performed at the Servei de Microscòpia i Difracció de Raigs X (UAB). MALDI-TOF experiments were performed at Unitat d'Espectrometria de Masses de Caracterització Molecular CCiTUB in Universitat de Barcelona (UB).</subfield>
   </datafield>
   <datafield ind2=" " ind1=" " tag="520">
      <subfield code="a">Peer Reviewed</subfield>
   </datafield>
   <datafield ind2=" " ind1=" " tag="520">
      <subfield code="a">Postprint (published version)</subfield>
   </datafield>
   <datafield ind1="8" ind2=" " tag="024">
      <subfield code="a">https://hdl.handle.net/2117/460610</subfield>
   </datafield>
   <datafield tag="653" ind2=" " ind1=" ">
      <subfield code="a">Àrees temàtiques de la UPC::Enginyeria biomèdica::Biomaterials</subfield>
   </datafield>
   <datafield tag="653" ind2=" " ind1=" ">
      <subfield code="a">Protein engineering</subfield>
   </datafield>
   <datafield tag="653" ind2=" " ind1=" ">
      <subfield code="a">Biomaterials</subfield>
   </datafield>
   <datafield tag="653" ind2=" " ind1=" ">
      <subfield code="a">Protein scaffolds</subfield>
   </datafield>
   <datafield tag="653" ind2=" " ind1=" ">
      <subfield code="a">ß-Barrel proteins</subfield>
   </datafield>
   <datafield tag="653" ind2=" " ind1=" ">
      <subfield code="a">Vaccine design</subfield>
   </datafield>
   <datafield ind2="0" ind1="0" tag="245">
      <subfield code="a">GFP-like protein scaffolds for antigen grafting: Soluble and stable neoantigen display in mammalian-compatible platforms</subfield>
   </datafield>
</record></metadata></record></GetRecord></OAI-PMH>